00494 a2200157 45000010006000000050017000060080041000230030015000640400040000790800056001192450057001752640047002323000019002790410008002981000030003066158520260407155906.0260407a1959 arg spa dAR-UNSa-BCEJYS aAR-UNSa-BCEJYSbspacAR-UNSa-BCEJYS a347.4xObligaciones. Contratos. Acuerdos. Convenios10aManual de las obligacionespEn nuestro derecho civil 1aBuenos Aires :bRoque Depalma Editorc1959 a487 p.c23 cm. aspa1 aRessónico, Luis María